000 01269nam a22003017a 4500
008 161203s2015 cr||||| |||| 00| 0 spa d
082 0 4 _a708
_bU542u
110 1 _aGroup Material.
_95657
245 1 4 _aUna crónica de intervenciones /
_cGroup Material...[et. al.] ; curaduría por Inti Guerrero y Shoair Mavlian ; Tate Modern ; TEOR/ética.
250 _a1a ed.
260 _aSan José, Costa Rica :
_bTate Modern ; TEOT/ética,
_c2015.
300 _a30 p.
_bil. col.
500 _aCatálogo publicado con motivo a la exposición "Una Crónica de Intervenciones", presentada en Project Space Tate Modern del 2 de mayo al 13 de julio del 2014; y en TEOR/ética del 2 de octubre del 2014 al 22 de febrero del 2015.
653 1 0 _aArte contemporáneo
653 1 0 _aCatálogo de exhibición
653 1 0 _aExhibición itinerante
653 1 0 _aArte Latinoamericano
653 1 0 _aArtistas latinoamericanos
700 1 _aCastrellón, José.
_95658
700 1 _aFigueroa, Óscar.
_93779
700 1 _aGalindo, Regina José.
_95659
700 1 _aRamírez-Figueroa, Naufus.
_95660
700 1 _aSiekmann, Andreas.
_95661
700 1 _aStevenson, Michael.
_95662
700 1 _aVélez, Humberto.
_93749
710 1 _aTate Modern.
_95663
710 1 _aTEOR/ética.
_95471
999 _c1107
_d1107